000 00525nam a22001937a 4500
003 KOHA_MİRAKIL
005 20251116143941.0
008 251116b tu ||||| |||| 00| 0 tur d
020 _a9786059679664
040 _aTR-AnABB
_btur
_cTR-AnABB
041 _atur
082 _a813.42
_bTAS 2016
100 1 _aTaş, Murat,
245 1 0 _aAkova alev alev /
_cMurat Taş
260 _aİstanbul :
_bNotaBene Yayınları,
_c2016
300 _a267 sayfa ;
_c19 cm
650 0 4 _aTürk edebiyatı, roman
942 _2ddc
_cBK
999 _c9430
_d9430
900 _bGizem YORULMAZ